Camera work : a critical anthology /

Bibliographic Details
Main Author: Green, Jonathan, 1939-
Format: Book
Language:English
Published: [New York] : [Aperture], [1973]
Subjects:

MARC

Tag First Indicator Second Indicator Subfields
LEADER 00000cam a2200000 4500
001 in00000094683
005 20160206063243.0
008 740219s1973 nyua b 00110deng
010 |a  73085257  
019 |a 845536 
020 |a 0912334479  |c $30.00 
035 |a (OCoLC)00786005 
035 |9 AAL6554AM 
040 |a DLC  |c DLC  |d OCL  |d TXA  |d UtOrBLW 
049 |a TXAM  |c  1 [1019276], 2 [957219] 
050 0 0 |a TR642  |b .G69 
082 0 |a 770/.8 
100 1 |a Green, Jonathan,  |d 1939- 
245 1 0 |a Camera work :  |b a critical anthology /  |c Edited with an introd. by Jonathan Green. 
264 1 |a [New York] :  |b [Aperture],  |c [1973] 
300 |a 376 pages :  |b illustrations ;  |c 32 cm. 
336 |a text  |b txt  |2 rdacontent 
337 |a unmediated  |b n  |2 rdamedia 
338 |a volume  |b nc  |2 rdacarrier 
500 |a The Indices [pages 353-360] simultaneously index this anthology and all the issues of Camera work as paged in the Kraus reprint edition. 
504 |a Bibliography: pages 344-352. 
630 0 0 |a Camera work. 
650 0 |a Photography, Artistic. 
730 0 |a Camera work. 
999 |a MARS 
999 f f |s d50f58d2-f891-39f1-98cf-12ab4b186533  |i 9bec09b3-3253-3726-a3c6-5ff8ad904c1e  |t 0 
952 f f |p normal  |a Texas A&M University  |b College Station  |c Sterling C. Evans Library  |d Evans: Library Stacks  |t 0  |e TR642 .G69  |h Library of Congress classification  |i unmediated -- volume  |m A14805627888 
998 f f |a TR642 .G69  |t 0  |l Evans: Library Stacks